000 00335nam a2200169Ia 4500
100 _aLudwig/Emil
650 _aNapoleon
942 _cBK
366 _f25
654 _anapoleon
245 _aNapoleon
260 _bJaico Publishing House
_c2016
082 _bLUD
300 _a636
546 _aENGLISH
_cComputers
999 _c33752
_d33752